000 00416nam a22001817a 4500
003 MPLRDC
005 20220104113957.0
008 210129b ||||| |||| 00| 0 eng d
082 _a848.5 ZSX
100 _a赵淑侠著
245 _a异乡情怀
_c
250 _a五版
260 _a
_b九歌出版社
_c1984
300 _b
490 _a九歌文库;62
650 _a现代别集
942 _cBK
_o848.5 ZSX
999 _c3851
_d3841